00893nam a2200241Ia 4500001000600000003000900006008004100015040001300056040001300069041001300082100001700095100002900112245006500141245006100206250001100267260001100278260001500289260004900304300005700353500018800410650002200598650003100620H5770IT-RoPAU130308s9999 xx 000 0 und d aIT-RoPAU cIT-RoPAU aITALIANO aChiodi Ennio gCodice Aut. SPICS: 58113 aTelegiornale regionale (Il). Raccontare il proprio villaggio bSpeciale Tg. forme e Tecniche del Giornalismo Televisivo a4a ed. aNOVARA bInterlinea c2005 [1° Ed.:1997 - Ed.Ling.Originale:1997] a"9 p. (prefazione: no ; testo: 9 [pagine: 197-205])" aRete Permanente Giornalisti. Consumare le Suole delle Scarpe. infinite Combinazioni. Ma che C'Azzecca...! Qualità€ e Territorio. Un Colosso dell'Informazione. che Sia la Volta Buona? aGENERI TELEVISIVI eCodice materia Spics: 6960